000 00349nam a22001451a 4500
082 _aS 294.5
_bMIN/S
100 _aMinati Rath
245 _aSrimadgargasamhita rahasyam/
_cby Minati Rath
260 _aOrissa:
_bRavindra Nath Panda,
_c2005.
300 _a246p.
650 _aGarga Samhita
650 _aHinduism
650 _aReligion
942 _cBK
999 _c43911
_d43911